Mejor hablar de ciertas cosas [dvd] : temporada 3
Guardado en:
| Formato: | Libro |
|---|---|
| Publicado: |
Buenos Aires :
Canal Encuentro, s/f.
|
| Materias: | |
| Etiquetas: |
Agregar Etiqueta
Sin Etiquetas, Sea el primero en etiquetar este registro!
|
| LEADER | 01509nam a22002295a 4500 | ||
|---|---|---|---|
| 001 | CEM.cems018077 | ||
| 005 | 20130912095244.0 | ||
| 008 | 130507b######################000#0#####d | ||
| 003 | CEMS | ||
| 082 | 0 | 4 | |a DVD614 |
| 245 | 0 | 0 | |a Mejor hablar de ciertas cosas [dvd] : |b temporada 3 |
| 260 | |a Buenos Aires : |b Canal Encuentro, s/f. | ||
| 300 | |a 1 DVD | ||
| 500 | |a Los adolescentes argentinos toman la palabra y comparten modos de ver y de vivenciar diferentes temáticas. Testimonios y experiencias -desde un lenguaje claro, directo e informativo- para encarar temas como el alcoholismo, la educación sexual, la drogadicción, la educación vial, El Vih, la obesidad, la bulimia y la anorexia, el sueño del hogar propio, el embarazo en la adolescencia, la discriminación, la deserción escolar, las nuevas formas de familia y muchos otros. Además, el análisis de distintos profesionales de la salud. Conduce Gastón Pauls. | ||
| 505 | 0 | |a Cuerpo -- Diversidad sexual -- La primera vez -- Sexualidad y derechos -- Enfermedades de transmisión sexual -- Relaciones entre pares -- Sexualidad y escuela -- Sexualidad y genitalidad -- Mitos y creencias erróneas -- Nuevos tipos de familias -- Respeto de género -- HIV/Sida -- Embarazo en la adolescencia | |
| 653 | |a Educación para la salud | ||
| 653 | |a Educación sexual | ||
| 653 | |a Hiv | ||
| 653 | |a Sida | ||
| 653 | |a Enfermedades de transmisión sexual | ||
| 653 | |a Embarzo adolescente | ||
| 859 | |a CEMS |b BIB. CEMS - Agricultura |h DVD614 |i Ar37-3 |p A0056.013 |t Ej.1 | ||
